The Grinch - Statistics

General Stats
  • This quiz has been taken 127 times
  • The average score is 8 of 15
Answer Stats
Hint Answer % Correct
How many sizes did the Grinch's heart grow? Three
99%
For what animal was the one speck of food to small? Mouse
77%
What did the Grinch take the last can of? Who Hash
69%
In the final scene, what did the Grinch Carve? Roast Beast
65%
Who was no more than two? Cindy Lou Who
63%
What stolen objects were the "first things to go"? Stockings
59%
"The three words that best describe you are as follows, and I quote: {stink} {stank} {stunk}"
58%
"Maybe Christmas, he thought, doesn't come from a store. Maybe Christmas, perhaps, means a {little} {bit} {more}"
55%
For how many years has the Grinch put up with Christmas? Fifty Three
48%
How long was the pole with which the narrator would not touch the Grinch? 39.5 Feet
46%
What was the Grinch's excuse for taking the tree? There's a light on this tree that won't {light} {on} {one} {side}
34%
According to the movie, how tall is Mt. Crumpit? 10000 Feet
30%
What did the Grinch leave on the walls? Hooks and some wire
25%
When was the book published? 1957
24%
What is Dr. Seuss' real name Theodor Geisel
20%
No matching quizzes found
Score Distribution
Percent of People with Each Score
Percentile by Number Answered
Your Score History
You have not taken this quiz